000 00256nam a22001097a 4500
082 _a910
100 _aGupta,Sanjay
_982387
245 _aGeography Madhya Pradesh
260 _aGwalior
_bNiraml IAS
_c2024
650 _aGeograpy
_913819
942 _cC. BOOKS
999 _c66881
_d66881